000 00722nam a2200229 a 4500
999 _c3554
_d3554
001 3554
003 BD-JhCC
005 20171125112721.0
008 171002s1988 bg |||| ||a| 000 0 ben d
020 _a9847015600266
035 _a(BD-JhCC) 3554
040 _aBD-JhCC
_dBD-JhCC
041 _aben
082 _a891.4415
_bSAY 1988
100 _aসায়ীদ, আবদুল্লাহ আবু
245 _aমৃত্যুময় ও চিরহরিৎ /
_cআবদুল্লাহ আবু সায়ীদ
260 _aঢাকা:
_bমাওলা ব্রাদার্স,
_c১৯৮৮
300 _a56 p.;
_c22 cm
650 _aBengali poetry
942 _2ddc
_cBK